00613nam a2200169Ia 4500008004100000020001800041082001600059100001900075245008700094260003000181300001000211500004300221650003400264700003500298952009300333999001700426120629s9999 xx 000 0 und d a968-25-1035-X a658.8 F528m aFischer, Laura aIntroducción a la investigación de mercados / Laura Fischer, Alma Navarro Vega aMéxico : Interamericana a169 p aApéndices, bibliografía e índice a1. INVESTIGACION DE MERCADOS  aNavarro Vega, Alma; coaut.Ì 00104070a15b15d2006-10-26l0o658.8 F528Mp15 000608r2017-12-07t1w2012-06-28yLB c75352d75352